000 00968cam a2200349 a 4500
999 _c4882
_d4882
001 13575
003 GBCCL
005 20241126110529.0
008 850306c19791978ilu b 00010 eng d
010 _acn 86001055
015 _aC86-1055-4
020 _a089107175X
035 _aOCM16065739
040 _aNLC
_beng
_cNLC
_dm/c
_dLBB
043 _ae-uk---
049 _aLBBK
_aLBBC
_aLBBA
055 0 0 _aBV4510 .2
_bP33 1979
055 0 1 _aBV4510.2
082 0 _a211.6
_219
_bPAC
100 1 _aPacker, J. I.
_q(James Innell)
_92241
240 1 0 _aFor man's sake
245 1 0 _aKnowing man /
_cJ. I. Packer.
250 _aCrossway Books ed.
260 _aWestchester, Ill. :
_bCrossway Books,
_c1979, c1978.
300 _a104 p. ;
_c21 cm.
650 0 _aSecularism.
_91226
650 0 _aHumanism.
_94741
650 0 _aMan (Christian theology)
_92838
700 1 _aPacker, J. I.
_q(James Innell)
_tKnowing man.
_98885
740 0 _aFor man's sake.
942 _2ddc
_cBK